| 000 | 00954cad a22002175a 4500 | ||
|---|---|---|---|
| 001 | E144616 | ||
| 008 | 080731s2006 xxk f 000 0 eng d | ||
| 020 | _a1853974706 | ||
| 035 | _a(Sirsi) u144616 | ||
| 041 | 0 | _aeng | |
| 050 | 0 | 4 | _a711.1 $2 18 |
| 110 | 2 |
_aScottish Natural Heritage _92794 |
|
| 245 | 0 | 2 |
_aSigns guidance for farmers and other land managers _h[electronic resource] |
| 260 |
_aRedgorton, Perth _bScottish Natural Heritage _c2005 |
||
| 520 | _aOffers guidance to land managers on using signage in accordance with the Land Reform (Scotland) Act 2003. Concentrates on circustances where land managers may want to put up advisory signs of their own. | ||
| 521 | _aIntroductory | ||
| 651 | 4 |
_aScotland _y1999- |
|
| 690 | _aPROPERTY-RURAL AND NATURAL ASSETS-RURAL AND NATURAL ASSET MANAGEMENT-LAND MANAGEMENT | ||
| 856 | 4 | 0 |
_uhttps://www.snh.org.uk/pubs/detail.asp?id=515 _zView the guide free of charge at www.snh.org.uk... |
| 942 | _n0 | ||
| 999 |
_c108560 _d108560 |
||